00887 a2200217 4500010001400000020002300014035001300037037001500050082001100065090001700076245016200093260003700255270002600292300002700318490005100345500005000396650004800446942002500494999001500519952013500534 aENG-89064 a812460374Xc590.0014aEN-725971 bDBAD / PUB14a220.24 c10139d101391 aChandogya Upanisad :ctranslation with an extensive commentary by Swami Muni Narayana Prasadbwith the original text in sanskrit and roman transliteration / aNew DelhibD.K. Printworldc2006 mdkprintworld@vsnl.net aix, 586p.c23 cm ( Hb) aRediscovering Indian literary classics; no. 15 aIncludes bibliographical references and index aUpanishads, ChandogyaopanisadxCommentaries adplcENk220.24/ NAR c9910d9910 00102ddc40718FICaDBADbDBADeDBAD/PUBg590.00l0o220.24 CHApEN-72597r2008-09-15 00:00:00t1u10922v590.00w2008-09-15yEN